000 00350nam a2200133Ia 4500
008 100328s9999 xx 000 0 und d
082 _b46495
100 _aपै शिरीष
245 _aप्रियजन
260 _bप्रेस्टिज
630 _aप्रियजन
730 _aप्रियजन
942 _cBOOK
999 _c534456
_d534453